Německo-český technický slovník

Gespeichert in:
Bibliographische Detailangaben
Format: Buch
Sprache:Deutsch
Tschechisch
Veröffentlicht: Praha Nakladatelství technické literatury 1972
Tags: Tag hinzufügen
Keine Tags, Fügen Sie das erste Tag hinzu!

MARC

LEADER 00000nam a2200000 4500
001 c121422
005 20250916113706.2
041 0 |a ger 
041 0 |a cze 
044 |a CZ 
245 1 0 |a Německo-český technický slovník  |c Red. M. Bubníková, B. Kloudová 
264 1 |a Praha  |b Nakladatelství technické literatury  |c 1972 
300 |a 1117 s.